[Event "Mittelrhein Verbandsliga-O 16/17"]
[Site "Nordrheinwestfalen"]
[Date "2017.02.19"]
[Round "8.3"]
[White "Heinel, Marcus"]
[Black "Richter, Dirk"]
[Result "1-0"]
[WhiteElo "1935"]
[BlackElo "1994"]
[PlyCount "53"]
[EventDate "2016.09.11"]
[EventType "team-tourn"]
[EventRounds "11"]
[EventCountry "GER"]
[SourceTitle "EXT 2022"]
[Source "ChessBase"]
[SourceDate "2021.10.06"]
[SourceVersion "1"]
[SourceVersionDate "2021.10.06"]
[SourceQuality "1"]
[WhiteTeam "St Augustin Turm"]
[BlackTeam "Siebengebirge"]
[WhiteTeamCountry "GER"]
[BlackTeamCountry "GER"]

1. e4 c5 2. Nf3 d6 3. d4 cxd4 4. Nxd4 Nf6 5. Nc3 a6 6. Bc4 Qc7 7. Bb3 e6 8. 0-0 Be7 9. f4 Nc6 10. Be3 0-0 11. Qf3 Bd7 12. f5 Nxd4 13. Bxd4 e5 14. Be3 Bc6 15. g4 b5 16. g5 Nxe4 17. Nxe4 Qb7 18. Qh5 Bxe4 19. g6 hxg6 20. fxg6 Bxg6 21. Qxg6 d5 22. Qg2 Rad8 23. Kh1 Rfe8 24. Rad1 e4 25. Rf5 Qc8 26. Rg1 Bf8 27. Rg5 1-0

[Event "Mittelrhein Verbandsliga-O 1112"]
[Site "Germany"]
[Date "2012.04.15"]
[Round "9"]
[White "Harcke, Andreas"]
[Black "Richter, Dirk"]
[Result "1/2-1/2"]
[WhiteElo "2065"]
[BlackElo "2030"]
[PlyCount "50"]
[EventDate "2011.09.18"]
[EventType "team-tourn"]
[EventRounds "11"]
[EventCountry "GER"]
[SourceTitle "EXT 2013"]
[Source "ChessBase"]
[SourceDate "2012.11.22"]
[SourceVersion "1"]
[SourceVersionDate "2012.11.22"]
[SourceQuality "1"]
[WhiteTeam "Erftstadt SV"]
[BlackTeam "Siebengebirge"]
[WhiteTeamCountry "GER"]
[BlackTeamCountry "GER"]

1. d4 Nf6 2. g4 Nxg4 3. e4 d6 4. h3 Nf6 5. Nc3 e5 6. Nge2 Nbd7 7. Be3 c5 8. dxe5 Nxe5 9. Ng3 Qb6 10. f4 Nc6 11. Kf2 Be6 12. Nd5 Bxd5 13. exd5 Ne7 14. c4 h5 15. Bd3 h4 16. Ne2 Rh5 17. b4 Nf5 18. Qa4+ Kd8 19. bxc5 dxc5 20. Bd2 Qc7 21. Rab1 b6 22. Nc3 Nd4 23. Nb5 Nxb5 24. Qxb5 Bd6 25. Kf3 Ke7 1/2-1/2

[Event "Mittelrhein Verbandsliga-O 1112"]
[Site "Germany"]
[Date "2011.12.11"]
[Round "4"]
[White "Moors, Hans"]
[Black "Richter, Dirk"]
[Result "1-0"]
[WhiteElo "2155"]
[BlackElo "2030"]
[PlyCount "191"]
[EventDate "2011.09.18"]
[EventType "team-tourn"]
[EventRounds "11"]
[EventCountry "GER"]
[SourceTitle "EXT 2013"]
[Source "ChessBase"]
[SourceDate "2012.11.22"]
[SourceVersion "1"]
[SourceVersionDate "2012.11.22"]
[SourceQuality "1"]
[WhiteTeam "Lohmar"]
[BlackTeam "Siebengebirge"]
[WhiteTeamCountry "GER"]
[BlackTeamCountry "GER"]

1. d4 Nf6 2. c4 e6 3. Nc3 Bb4 4. a3 Bxc3+ 5. bxc3 b6 6. f3 d5 7. Bg5 Bb7 8. e3 h6 9. Bh4 0-0 10. Bd3 Nbd7 11. Ne2 Qe8 12. Bf2 c5 13. 0-0 e5 14. cxd5 exd4 15. e4 dxc3 16. Nxc3 Qe5 17. Nb5 a6 18. Bg3 Qh5 19. Nd6 Bc8 20. a4 Rd8 21. Be2 Nf8 22. e5 Rxd6 23. exd6 Nxd5 24. f4 Qf5 25. Bg4 Qxg4 26. Qxd5 Ra7 27. f5 Bb7 28. Qe5 Bc6 29. a5 Qb4 30. axb6 Qxb6 31. Rfb1 Bb5 32. Bf2 Nd7 33. Qe8+ Nf8 34. Qc8 Qxd6 35. Bxc5 Rc7 36. Bxd6 Rxc8 37. Rc1 Rd8 38. Rd1 Nd7 39. Rab1 Re8 40. Re1 Rxe1+ 41. Rxe1 Nf6 42. Bb4 Bd3 43. Re5 Bb5 44. h3 Nh5 45. Bd2 Ng3 46. Kf2 Nh1+ 47. Ke3 Ng3 48. Be1 Nh5 49. Rc5 Bf1 50. Kf2 Bb5 51. Kf3 Nf6 52. Bc3 Nd7 53. Rc7 Nf6 54. Bxf6 gxf6 55. Ke3 Bf1 56. Kf3 Kg7 57. h4 Bb5 58. Ra7 Bc4 59. g3 Bb5 60. Rc7 Bd3 61. Rc5 Kf8 62. Ke3 Bb5 63. Kd4 Ke7 64. Rc8 Be2 65. Ke3 Bg4 66. Rc5 h5 67. Ra5 Bh3 68. Ra1 Bxf5 69. Rxa6 Be6 70. Ra8 Bg4 71. Kf4 Bd1 72. Ra7+ Ke6 73. Ra6+ Ke7 74. Ke4 Be2 75. Rb6 Bg4 76. Kd5 Bf3+ 77. Kc5 Bg4 78. Rb1 Bh3 79. Re1+ Be6 80. Kc6 f5 81. Re2 Kf6 82. Kc5 Kg6 83. Rf2 Kf6 84. Kd4 Bb3 85. Rb2 Be6 86. Ke3 Kg6 87. Rb6 Kf6 88. Kf4 Ke7 89. Kg5 f4 90. gxf4 Bg4 91. f5 Bf3 92. f6+ Ke8 93. Kh6 Bg4 94. Rb5 Bf3 95. Kg7 Bg4 96. Re5+ 1-0

[Event "Mittelrhein Verbandsliga-O 1112"]
[Site "Germany"]
[Date "2011.10.09"]
[Round "2"]
[White "Wieferig, Wolfgang"]
[Black "Richter, Dirk"]
[Result "1/2-1/2"]
[WhiteElo "2174"]
[BlackElo "2030"]
[PlyCount "60"]
[EventDate "2011.09.18"]
[EventType "team-tourn"]
[EventRounds "11"]
[EventCountry "GER"]
[SourceTitle "EXT 2013"]
[Source "ChessBase"]
[SourceDate "2012.11.22"]
[SourceVersion "1"]
[SourceVersionDate "2012.11.22"]
[SourceQuality "1"]
[WhiteTeam "Freibauer Eikamp"]
[BlackTeam "Siebengebirge"]
[WhiteTeamCountry "GER"]
[BlackTeamCountry "GER"]

1. e4 c5 2. Nf3 d6 3. d4 cxd4 4. Nxd4 Nf6 5. Nc3 a6 6. f4 e6 7. a4 b6 8. Bc4 Qc7 9. Qe2 Nc6 10. Nxc6 Qxc6 11. a5 b5 12. Bd5 Nxd5 13. Nxd5 Be7 14. Nxe7 Kxe7 15. 0-0 Bb7 16. e5 Rac8 17. Rf2 h5 18. b3 d5 19. f5 exf5 20. Rxf5 Qe6 21. Ba3+ Ke8 22. Raf1 Rc7 23. Bd6 Rd7 24. Qf2 d4 25. Qxd4 Qd5 26. Qf2 g6 27. Rf6 h4 28. Rxg6 h3 29. Qf6 Qd4+ 30. Rf2 Qd1+ 1/2-1/2

[Event "Berlin Eckbauer op 12th"]
[Site "Berlin"]
[Date "2009.09.28"]
[Round "3.30"]
[White "Lippianowski, Stefan"]
[Black "Richter, Dirk"]
[Result "0-1"]
[WhiteElo "936"]
[BlackElo "1448"]
[PlyCount "72"]
[EventDate "2009.09.14"]
[EventType "swiss"]
[EventRounds "7"]
[EventCountry "GER"]
[SourceTitle "EXT 2022"]
[Source "ChessBase"]
[SourceDate "2021.10.06"]
[SourceVersion "1"]
[SourceVersionDate "2021.10.06"]
[SourceQuality "1"]

1. e4 Nf6 2. Nc3 d5 3. exd5 Nxd5 4. Bc4 Nxc3 5. dxc3 Qxd1+ 6. Kxd1 Bf5 7. Nf3 e6 8. Ne5 Bd6 9. Nxf7 Kxf7 10. f3 Rd8 11. Bd2 Nc6 12. g4 Bg6 13. h4 h6 14. h5 Bh7 15. Bd3 Bxd3 16. cxd3 e5 17. Rf1 Kg8 18. Kc2 Rd7 19. Be3 Rad8 20. Rad1 Be7 21. Rd2 a6 22. a3 Bf6 23. Rfd1 Ne7 24. Bf2 Bg5 25. Re2 Nc6 26. Be3 Bf6 27. Red2 Rd5 28. c4 R5d7 29. Kc1 Nd4 30. Kb1 Nxf3 31. Rf2 Nd4 32. Rfd2 Nb3 33. Rf2 Rxd3 34. Rxd3 Rxd3 35. Ka2 Rxe3 36. Rd2 Nxd2 0-1

[Event "Berlin Lichtenberger op 8th"]
[Site "Berlin"]
[Date "2009.08.16"]
[Round "2"]
[White "Richter, Dirk"]
[Black "Albinus, Guenter"]
[Result "1/2-1/2"]
[WhiteElo "2035"]
[BlackElo "1875"]
[PlyCount "87"]
[EventDate "2009.08.15"]
[EventType "swiss"]
[EventRounds "9"]
[EventCountry "GER"]
[SourceTitle "CBM 131 Extra"]
[Source "ChessBase"]
[SourceDate "2009.09.03"]
[SourceVersion "2"]
[SourceVersionDate "2009.09.16"]
[SourceQuality "1"]

1. e4 c5 2. Nf3 d6 3. c3 Nc6 4. d4 Nf6 5. dxc5 Nxe4 6. cxd6 Qxd6 7. Qxd6 Nxd6 8. Bf4 e6 9. Bd3 Be7 10. 0-0 0-0 11. Ne5 Nxe5 12. Bxe5 f6 13. Bg3 e5 14. Nd2 Be6 15. f3 Rfd8 16. Nb3 Nf5 17. Bxf5 Bxf5 18. Rf2 Be6 19. Rd2 Rxd2 20. Nxd2 Rd8 21. Nb3 Rd5 22. c4 Rd7 23. Rc1 Rc7 24. Nd2 Bb4 25. Rc2 Bxd2 26. Rxd2 Rxc4 27. a3 Bf5 28. Be1 Kf7 29. Rd1 Rc8 30. Bc3 Ke8 31. Kf2 Rd8 32. Rxd8+ Kxd8 33. Ke3 Kd7 34. g4 Bg6 35. Bb4 Ke6 36. Bf8 Kf7 37. Bb4 Bc2 38. Kd2 Ba4 39. Ke3 Ke6 40. h4 g6 41. f4 Bd1 42. g5 f5 43. Bc3 exf4+ 44. Kxf4 1/2-1/2

[Event "Berlin Eckbauer op 11th"]
[Site "Berlin"]
[Date "2008.09.15"]
[Round "2.24"]
[White "Richter, Dirk"]
[Black "Schneider, Eckehard"]
[Result "0-1"]
[WhiteElo "1492"]
[BlackElo "1802"]
[PlyCount "60"]
[EventDate "2008.09.08"]
[EventType "swiss"]
[EventRounds "6"]
[EventCountry "GER"]
[SourceTitle "EXT 2022"]
[Source "ChessBase"]
[SourceDate "2021.10.06"]
[SourceVersion "1"]
[SourceVersionDate "2021.10.06"]
[SourceQuality "1"]

1. e4 e6 2. d4 d5 3. exd5 exd5 4. Nf3 Nf6 5. Bd3 Bd6 6. 0-0 0-0 7. Re1 Bg4 8. Bg5 Nbd7 9. Nbd2 h6 10. Bh4 c5 11. h3 Be6 12. c3 Qc7 13. Rc1 Rac8 14. Nf1 Bf4 15. Bg3 Nh5 16. Bh2 Rfe8 17. Bb1 Ndf6 18. g4 Bxh2+ 19. N1xh2 Nf4 20. Ne5 Nxh3+ 21. Kf1 Re7 22. Qd2 Ng5 23. f4 Nge4 24. Qe3 Qb6 25. g5 cxd4 26. Qxd4 Bh3+ 27. Kg1 Qxd4+ 28. cxd4 Rxc1 29. Rxc1 hxg5 30. fxg5 Nxg5 0-1

[Event "Berlin Lichtenberger op 7th"]
[Site "Berlin"]
[Date "2008.08.23"]
[Round "8"]
[White "Richter, Dirk"]
[Black "Prix, Siegfried"]
[Result "1/2-1/2"]
[WhiteElo "1486"]
[BlackElo "1761"]
[PlyCount "73"]
[EventDate "2008.08.16"]
[EventType "swiss"]
[EventRounds "9"]
[EventCountry "GER"]
[SourceTitle "CBM 126 Extra"]
[Source "ChessBase"]
[SourceDate "2008.11.05"]
[SourceVersion "1"]
[SourceVersionDate "2008.11.05"]
[SourceQuality "1"]

1. e4 e5 2. Nf3 Nc6 3. Bb5 a6 4. Bxc6 dxc6 5. 0-0 Bd6 6. d4 f6 7. dxe5 fxe5 8. Nxe5 Nf6 9. Nd3 Be7 10. Bg5 0-0 11. Nd2 Be6 12. e5 Nd5 13. Bxe7 Qxe7 14. a3 Rad8 15. Qe2 Qg5 16. Ne4 Qg6 17. Nec5 Bh3 18. f3 Bc8 19. Rad1 b6 20. c4 Ne7 21. Ne4 c5 22. Nf4 Qf5 23. Rxd8 Rxd8 24. Nd3 Nc6 25. Nef2 Nd4 26. Qe3 Be6 27. Rc1 Qf7 28. Qg5 Rf8 29. Re1 Qxf3 30. Re3 Qf7 31. b3 b5 32. h3 bxc4 33. bxc4 Bxc4 34. Ng4 Kh8 35. Nxc5 Ne6 36. Nxe6 Bxe6 37. Rf3 1/2-1/2

[Event "Berlin Lichtenberger op 6th"]
[Site "Berlin"]
[Date "2007.??.??"]
[Round "?"]
[White "Schildt, Rene"]
[Black "Richter, Dirk"]
[Result "1-0"]
[WhiteElo "2030"]
[BlackElo "2035"]
[PlyCount "59"]
[EventDate "2007.08.18"]
[EventType "swiss"]
[EventRounds "9"]
[EventCountry "GER"]
[SourceTitle "CBM 120 Extra"]
[Source "ChessBase"]
[SourceDate "2007.11.01"]
[SourceVersion "1"]
[SourceVersionDate "2007.11.01"]
[SourceQuality "1"]

1. e4 Nf6 2. e5 Nd5 3. Nf3 d6 4. d4 dxe5 5. Nxe5 Bf5 6. Bc4 e6 7. 0-0 Be7 8. c3 0-0 9. Qb3 Nb6 10. Be2 N8d7 11. Nxd7 Qxd7 12. Nd2 c5 13. Nf3 Be4 14. Rd1 Qc7 15. dxc5 Bxc5 16. Bg5 Bd6 17. h4 h6 18. Be3 Nd5 19. c4 Nxe3 20. Qxe3 Bc2 21. Rf1 Rfd8 22. Qc3 Be4 23. Rfe1 Rac8 24. Rad1 Bxf3 25. Qxf3 Bb4 26. Rf1 b6 27. Qe4 h5 28. Rxd8+ Qxd8 29. Bxh5 Qd2 30. Bxf7+ 1-0

[Event "Berlin op 08"]
[Site "Berlin"]
[Date "2006.08.23"]
[Round "5"]
[White "Richter, Dirk"]
[Black "Grassi, Fabrizio"]
[Result "0-1"]
[WhiteElo "1597"]
[BlackElo "1703"]
[PlyCount "40"]
[EventDate "2006.08.19"]
[EventType "swiss"]
[EventRounds "9"]
[EventCountry "GER"]
[SourceTitle "EXT 2007"]
[Source "ChessBase"]
[SourceDate "2006.11.23"]
[SourceVersion "1"]
[SourceVersionDate "2006.11.23"]
[SourceQuality "1"]

1. e4 d5 2. exd5 Nf6 3. c4 e6 4. dxe6 Bxe6 5. d4 Bb4+ 6. Bd2 Qe7 7. Bxb4 Qxb4+ 8. Qd2 Nc6 9. Qxb4 Nxb4 10. Na3 0-0-0 11. d5 Bf5 12. f3 Rhe8+ 13. Kf2 c6 14. Be2 cxd5 15. cxd5 Nbxd5 16. Bc4 Nf4 17. Rc1 Kb8 18. Rc3 Rd2+ 19. Kg3 g5 20. Bf1 N6h5# 0-1

[Event "Berlin op 08"]
[Site "Berlin"]
[Date "2006.08.19"]
[Round "1"]
[White "Albinus, Guenter"]
[Black "Richter, Dirk"]
[Result "0-1"]
[WhiteElo "1869"]
[BlackElo "1597"]
[PlyCount "47"]
[EventDate "2006.08.19"]
[EventType "swiss"]
[EventRounds "9"]
[EventCountry "GER"]
[SourceTitle "EXT 2007"]
[Source "ChessBase"]
[SourceDate "2006.11.23"]
[SourceVersion "1"]
[SourceVersionDate "2006.11.23"]
[SourceQuality "1"]

1. e4 Nf6 2. e5 Nd5 3. d4 d6 4. Nf3 Bg4 5. Be2 dxe5 6. Nxe5 Bxe2 7. Qxe2 c6 8. c4 Nf6 9. Be3 e6 10. 0-0 Be7 11. Nc3 0-0 12. f4 Nfd7 13. Rad1 Nxe5 14. fxe5 Qc7 15. Bf4 Qa5 16. Rd3 Rd8 17. Bd2 Qc7 18. Qe4 Nd7 19. Rdf3 Rf8 20. Rh3 g6 21. Qe3 f5 22. exf6 Rxf6 23. Rxf6 Bxf6 24. Qxe6+ 0-1

[Event "Berlin op 09"]
[Site "Berlin"]
[Date "2005.10.24"]
[Round "7"]
[White "Mahler, Sonja"]
[Black "Richter, Dirk"]
[Result "0-1"]
[WhiteElo "1225"]
[BlackElo "1589"]
[PlyCount "75"]
[EventDate "2005.09.05"]
[EventType "swiss"]
[EventRounds "7"]
[EventCountry "GER"]
[SourceTitle "EXT 2007"]
[Source "ChessBase"]
[SourceDate "2006.11.23"]
[SourceVersion "1"]
[SourceVersionDate "2006.11.23"]
[SourceQuality "1"]

1. d4 d5 2. Bf4 e6 3. Nf3 Nd7 4. e3 Ngf6 5. a3 Nh5 6. Be5 Nxe5 7. dxe5 g6 8. Be2 c5 9. Nc3 Ng7 10. Bb5+ Bd7 11. Bxd7+ Qxd7 12. Qe2 Qc7 13. Rd1 Be7 14. h4 0-0-0 15. g4 h5 16. Nd2 hxg4 17. Qxg4 Qxe5 18. Nf3 Qf5 19. Qg3 Bd6 20. Qg2 Qxc2 21. Rd2 Qf5 22. Ke2 a6 23. Rhd1 Be7 24. Rc1 Kb8 25. Na4 d4 26. Ne1 Rxh4 27. Nxc5 Bxc5 28. Qg3+ Ka8 29. Qxh4 Bb6 30. exd4 Qb5+ 31. Kd1 Nf5 32. Qf6 Qa4+ 33. Nc2 Nxd4 34. Ke1 Nxc2+ 35. Rcxc2 Qe4+ 36. Kf1 Qh1+ 37. Ke2 Qh5+ 38. Ke1 0-1

[Event "Berlin op 09"]
[Site "Berlin"]
[Date "2005.10.17"]
[Round "6"]
[White "Richter, Dirk"]
[Black "Berg, Gerd"]
[Result "1-0"]
[WhiteElo "1589"]
[BlackElo "1435"]
[PlyCount "73"]
[EventDate "2005.09.05"]
[EventType "swiss"]
[EventRounds "7"]
[EventCountry "GER"]
[SourceTitle "EXT 2007"]
[Source "ChessBase"]
[SourceDate "2006.11.23"]
[SourceVersion "1"]
[SourceVersionDate "2006.11.23"]
[SourceQuality "1"]

1. e4 c5 2. Nf3 d6 3. c3 Bd7 4. d4 e6 5. dxc5 dxc5 6. Ne5 Nf6 7. Nxd7 Qxd7 8. Qxd7+ Nbxd7 9. f3 Rd8 10. Be3 a6 11. Nd2 Ne5 12. Nb3 Nfd7 13. Be2 c4 14. Nd4 Nc5 15. 0-0 Ned3 16. b3 e5 17. Nc2 cxb3 18. axb3 Nxb3 19. Rab1 Ndc5 20. Rfd1 Rxd1+ 21. Rxd1 b5 22. Nb4 Na5 23. Nxa6 Nxa6 24. Bxb5+ Ke7 25. Bxa6 Kf6 26. Rd8 Nc6 27. Re8 g6 28. c4 Nb4 29. Bb7 Nc2 30. Bf2 h5 31. c5 Nd4 32. c6 Ne6 33. Kf1 Nc7 34. Rc8 Nb5 35. Bb6 Nd6 36. Ra8 Ke7 37. c7 1-0

[Event "Berlin Lichtenberger Sommer 3th"]
[Site "Berlin"]
[Date "2004.08.19"]
[Round "6.79"]
[White "Gnass, Erhard"]
[Black "Richter, Dirk"]
[Result "0-1"]
[WhiteElo "1475"]
[BlackElo "1684"]
[PlyCount "78"]
[EventDate "2004.08.14"]
[EventType "swiss"]
[EventRounds "9"]
[EventCountry "GER"]
[SourceTitle "EXT 2022"]
[Source "ChessBase"]
[SourceDate "2021.10.06"]
[SourceVersion "1"]
[SourceVersionDate "2021.10.06"]
[SourceQuality "1"]

1. Nf3 f5 2. b3 Nf6 3. Bb2 g6 4. d3 d5 5. Nbd2 Bg7 6. g3 0-0 7. Bg2 c6 8. 0-0 Re8 9. e3 Nbd7 10. c4 e5 11. cxd5 Nxd5 12. e4 Nb4 13. Nc4 Nc5 14. Bxe5 Nbxd3 15. Bxg7 Kxg7 16. exf5 Bxf5 17. Ne3 Be4 18. Nh4 Bxg2 19. Nhxg2 Qf6 20. b4 Nxb4 21. Nf4 Rad8 22. Qc1 Nbd3 23. Nxd3 Nxd3 24. Qc2 Re4 25. Rad1 Red4 26. Qe2 Ne5 27. Rxd4 Rxd4 28. f4 Nf7 29. Ng4 Qd8 30. Qe6 Qd6 31. Qb3 Rb4 32. Qc2 Qd4+ 33. Nf2 Rb2 34. Qc1 Rxa2 35. Kg2 Nh6 36. h3 Nf5 37. Kf3 Qd5+ 38. Ne4 Qd3+ 39. Kg4 h5+ 0-1